Find the South American Countries Without 'I' Quiz Stats

Quiz not verified by Sporcle

Score 0/6 Timer 01:00
0 Plays Today
% Correct
Peru
97.1%
Venezuela
96.8%
Paraguay
95.4%
Ecuador
93.9%
Uruguay
93.9%
Guyana
92.1%

You're not logged in!

Compare scores with friends on all Sporcle quizzes.
Sign Up with Email
OR
Log In

You Might Also Like...

Show Comments

Extras

Top Quizzes Today


Score Distribution

Your Account Isn't Verified!

In order to create a playlist on Sporcle, you need to verify the email address you used during registration. Go to your Sporcle Settings to finish the process.